The anatomy of time : With the compliments of the Rolex watch company limited of Geneva Switzerland

Spremljeno u:
Bibliografski detalji
Autor kompanije: Imprimerie La Concorde
Format: Knjiga
Jezik:Undetermined
Izdano: Lausanne Imprimerie La Concorde 1970
Teme:
Oznake: Dodaj oznaku
Bez oznaka, Budi prvi tko označuje ovaj zapis!
Thư viện lưu trữ: Trung tâm Học liệu Trường Đại học Cần Thơ
LEADER 00564nam a2200193Ia 4500
001 CTU_86218
008 210402s9999 xx 000 0 und d
082 |a 608 
082 |b I.34 
110 |a Imprimerie La Concorde 
245 4 |a The anatomy of time : 
245 0 |b With the compliments of the Rolex watch company limited of Geneva Switzerland 
245 0 |c Imprimerie La Concorde 
260 |a Lausanne 
260 |b Imprimerie La Concorde 
260 |c 1970 
650 |a Rolex 
904 |i Năm 
980 |a Trung tâm Học liệu Trường Đại học Cần Thơ